39 veces chao / (رقم التسجيلة. 137512)

تفاصيل مارك
000 -LEADER
fixed length control field 00799cam a22002657a 4500
008 - FIXED-LENGTH DATA ELEMENTS--GENERAL INFORMATION
fixed length control field 150207s2002 sp 000 0 cat d
020 ## - INTERNATIONAL STANDARD BOOK NUMBER
International Standard Book Number 9788429738056
040 ## - CATALOGING SOURCE
Original cataloging agency EG-GiCUC
Language of cataloging spa
Transcribing agency EG-GiCUC
092 04 - LOCALLY ASSIGNED DEWEY CALL NUMBER (OCLC)
Classification number 862.64
Item number S214t
Edition number 21
099 ## - LOCAL FREE-TEXT CALL NUMBER (OCLC)
Classification number 04
-- 862.64 S214t
100 1# - MAIN ENTRY--PERSONAL NAME
Personal name Sande, Miguel ,
Dates associated with a name 1961-
245 10 - TITLE STATEMENT
Title 39 veces chao /
Statement of responsibility, etc. Miguel Sande.
246 03 - VARYING FORM OF TITLE
Title proper/short title Trintanove veces chao
250 ## - EDITION STATEMENT
Edition statement 1. ed.
260 ## - PUBLICATION, DISTRIBUTION, ETC.
Place of publication, distribution, etc. A Coruña :
Name of publisher, distributor, etc. Deputación Provincial da Coruña ,
Date of publication, distribution, etc. [2002] .
300 ## - PHYSICAL DESCRIPTION
Extent 87 p. ;
Dimensions 18 cm.
600 10 - SUBJECT ADDED ENTRY--PERSONAL NAME
Personal name Sande, Miguel ,
Dates associated with a name 1961-
650 #0 - SUBJECT ADDED ENTRY--TOPICAL TERM
Topical term or geographic name entry element Spanish drama
Chronological subdivision 20th century.
653 0# - INDEX TERM--UNCONTROLLED
Uncontrolled term Teatro-Espana-Siglo XX.
902 ## - LOCAL DATA ELEMENT B, LDB (RLIN)
No. of Items 1
905 ## - LOCAL DATA ELEMENT E, LDE (RLIN)
Cataloger Jamal
Reviser Rev.
905 ## - LOCAL DATA ELEMENT E, LDE (RLIN)
Cataloger Jihan
Reviser Cat.
942 ## - ADDED ENTRY ELEMENTS (KOHA)
Source of classification or shelving scheme Dewey Decimal Classification
Koha item type Books
المقتنيات
Source of classification or shelving scheme Not for loan Home library Current library Date acquired Full call number Barcode Date last seen Copy number Koha item type
Dewey Decimal Classification   المكتبة المركزبة الجديدة - جامعة القاهرة قاعة الثقاقات الاجنبية - الدور الثالث 11.02.2024 862.64 S214t Spa. 01000116005808000 05.07.2024 C.1 Books
Cairo University Libraries Portal Implemented & Customized by: Eng. M. Mohamady Contacts: new-lib@cl.cu.edu.eg | cnul@cl.cu.edu.eg
CUCL logo CNUL logo
© All rights reserved — Cairo University Libraries
CUCL logo
Implemented & Customized by: Eng. M. Mohamady Contact: new-lib@cl.cu.edu.eg © All rights reserved — New Central Library
CNUL logo
Implemented & Customized by: Eng. M. Mohamady Contact: cnul@cl.cu.edu.eg © All rights reserved — Cairo National University Library